| 000 | 00496nam a2200145Ia 4500 | ||
|---|---|---|---|
| 008 | 170224s9999 xx 000 0 und d | ||
| 100 | _aAnthony Maher | ||
| 245 | _aTo be (physically active) or not to be? That is the question! Special educational needs, physical education and leisure lifestyles | ||
| 245 | _cAnthony Maher | ||
| 260 | _bJournal of Policy Research in Tourism, Leisure and Events | ||
| 260 | _c2016 | ||
| 300 | _a8:2, Pages: 196-201 | ||
| 500 | _a2016 | ||
| 650 | _xTourism. | ||
| 999 |
_c315635 _d315635 |
||